Longman complete course for the toefl test: Preparation for the computer and paper tests
Kaydedildi:
| Yazar: | |
|---|---|
| Materyal Türü: | Kitap |
| Dil: | Undetermined |
| Baskı/Yayın Bilgisi: |
New York
Longman
2001
|
| Konular: | |
| Etiketler: |
Etiketle
Etiket eklenmemiş, İlk siz ekleyin!
|
| Thư viện lưu trữ: | Trung tâm Học liệu Trường Đại học Cần Thơ |
|---|
| LEADER | 00644nam a2200205Ia 4500 | ||
|---|---|---|---|
| 001 | CTU_117535 | ||
| 008 | 210402s9999 xx 000 0 und d | ||
| 020 | |c 49.87 | ||
| 082 | |a 428.0076 | ||
| 082 | |b P558 | ||
| 100 | |a Phillips, Deborah | ||
| 245 | 0 | |a Longman complete course for the toefl test: Preparation for the computer and paper tests | |
| 245 | 0 | |c Deborah Phillips | |
| 260 | |a New York | ||
| 260 | |b Longman | ||
| 260 | |c 2001 | ||
| 650 | |a English language,English language | ||
| 650 | |x Textbooks for foreign speakers,Examinations,Study guides | ||
| 904 | |i Tuyến | ||
| 980 | |a Trung tâm Học liệu Trường Đại học Cần Thơ | ||